BIM Handbook:A Guide to Building Information modeling for Owners (Record no. 369023)

MARC details
000 -LEADER
fixed length control field 00413 a2200157 4500
005 - DATE AND TIME OF LATEST TRANSACTION
control field 20251113102049.0
008 - FIXED-LENGTH DATA ELEMENTS--GENERAL INFORMATION
fixed length control field 251030b |||||||| |||| 00| 0 eng d
020 ## - INTERNATIONAL STANDARD BOOK NUMBER
International Standard Book Number 9781119287537
082 ## - DEWEY DECIMAL CLASSIFICATION NUMBER
Classification number 720.28/SAC
100 ## - MAIN ENTRY--PERSONAL NAME
Author Sacks R
245 ## - TITLE STATEMENT
Title BIM Handbook:A Guide to Building Information modeling for Owners
250 ## - EDITION STATEMENT
Edition statement 3rd Ed.
260 ## - PUBLICATION, DISTRIBUTION, ETC.
Name of publisher, distributor, etc. Wiley
Date of publication, distribution, etc. 2018
Place of publication, distribution, etc. Canada
300 ## - PHYSICAL DESCRIPTION
Extent 659p
Other physical details HB
942 ## - ADDED ENTRY ELEMENTS (KOHA)
Koha item type Reference book
Holdings
Withdrawn status Lost status Source of classification or shelving scheme Damaged status Not for loan Home library Current library Date acquired Vendor Net Price Total Checkouts Full call number Barcode Date last seen Actual Price Bill Date Koha item type
    Dewey Decimal Classification   Available Dr. Bhanuben Nanavati College of Architecture Dr. Bhanuben Nanavati College of Architecture 29/10/2025 170 6098.53   720.28/SAC BNCA-BK-13359 29/10/2025 9680.21 29/10/2025 Reference book